| 000 | 00537nam a22002177a 4500 | ||
|---|---|---|---|
| 003 | OSt | ||
| 005 | 20140310182827.0 | ||
| 008 | 130529t xxu||||| |||| 00| 0 eng d | ||
| 020 | _a9780449911501 | ||
| 050 |
_aPS 3563 _b.M272 1993 |
||
| 082 |
_aM 248.4 _bM31 1993 |
||
| 245 |
_aThe twelfth angel _cMandino, Og |
||
| 250 | _a1st ed. | ||
| 260 |
_aNew York _bFawcett Columbine _cc1993 |
||
| 300 |
_a164 p. _c22 cm. |
||
| 521 | _aCollege students | ||
| 526 | _c1210L-1700L | ||
| 541 | _j1 | ||
| 562 | _e1 | ||
| 942 |
_2lcc _cBK _kM |
||
| 999 |
_c16528 _d16528 |
||